mysqli: Table './ulib62015/stat_globaluid' is marked as crashed and should be repaired
select id from stat_globaluid where statuid='20260518034931_4085'
mysqli: Table './ulib62015/stat_globaluid' is marked as crashed and should be repaired
DELETE FROM stat_globaluid
WHERE id NOT IN (
SELECT id
FROM (
SELECT id
FROM stat_globaluid
ORDER BY id DESC
LIMIT 100
) foo
);
mysqli: Table './ulib62015/stat_globaluid' is marked as crashed and should be repaired
insert into stat_globaluid set
statuid='20260518034931_4085',
dt='1779050971',
phpself='/ULIB62015/dublinfull.php',
agent='Mozilla/5.0 AppleWebKit/537.36 (KHTML, like Gecko; compatible; ClaudeBot/1.0; +claudebot@anthropic.com)',
yea='2026',
mon='5',
dat='18',
ip='216.73.216.45'
mysqli: Table './ulib62015/stathist_viewbib_bib_type' is marked as crashed and should be repaired
insert into stathist_viewbib_bib_type set
dat='18' ,
mon='05' ,
yea='2026' ,
statuid='20260518034931_4085' ,
head='13399120209' ,
foot='marc' ,
dt='1779050971'
| LEADER : 00000nam 2200000uu 4500 |
| 008 121106s||||||||th 000 0 tha d |
| 020 ^a974959343X
|
| 060 4 ^aWA546.JT3^bส237 2552
|
| 100 0 ^aสมใจ วินิจกุล
|
| 245 10 ^aอนามัยชุมชน :^bกระบวนการวินิจฉัยและการแก้ปัญหา /^cสมใจวินิจกุล
|
| 250 ^aพิมพ์ครั้งที่ 4 ปรับปรุงครั้งที่ 2
|
| 260 ^aกรุงเทพฯ :^bบพิธการพิมพ์,^c2552
|
| 300 ^a160 หน้า
|
| 650 7 ^aอนามัยชุมชน
|
| 650 7 ^aอนามัยชุมชน, การบริการ^zไทย
|
| 650 7 ^aการพยาบาลอนามัยชุมชน
|
| 650 7 ^aอนามัยชุมชน^xการมีส่วนร่วมของประชาชน
|
| 945 ^p0^l0^i018845
|
| 945 ^p0^l0^i018846
|
| 945 ^p0^l0^i018847
|
| 945 ^p0^l0^i018848
|
| 945 ^p0^l0^i018849 |
| 999 ^aยมมะณา จันทร์ฉิม
|
| คุณยังไม่ได้ล็อกอิน คุณสามารถมีกิจกรรมร่วมกับเว็บไซต์ได้ แต่ต้องล็อกอินก่อน :: |
|
|
|
รายการใกล้เคียง
ผู้แต่ง [สมใจ วินิจกุล]
หัวเรื่อง [อนามัยชุมชน]
|
|
ยังไม่เคยถูกคอมเมนท์
|
| คอมเมนท์ทรัพยากรรายการนี้ |
|